Suomalaiset nobelistit - Statistics

Yleistilastot
  • Tätä visaa on pelattu 578 kertaa
  • Keskiarvotulos 3 / 5
Vastaustilastot
Vuosi Nobelisti Ala % Oikein
2006 Martti Ahtisaari Rauha
99%
1945 Artturi Ilmari Virtanen Kemia
69%
1939 Frans Emil Sillanpää Kirjallisuus
63%
2016 Bengt Holmström Taloustiede
28%
1967 Ragnar Granit Lääketiede
15%
Ehtoja vastaavia visoja ei löytynyt
Tulosjakauma
Jokaisen tuloksen saaneiden osuus
Persentiili vastausten määrän mukaan
Tuloshistoriasi
Et ole pelannut tätä visaa